Catálogo - Centro de Recursos para el Aprendizaje y la Investigación

Volver al Sitio - CRAI Biblioteca

Consumer behaviour in hospitality and tourism : (Registro nro. 114124)

Detalles MARC
000 -CABECERA
campo de control de longitud fija 03682cam a2200325 i 4500
001 - NÚMERO DE CONTROL
campo de control 114124
003 - IDENTIFICADOR DEL NÚMERO DE CONTROL
campo de control DR-UNIBE
005 - FECHA Y HORA DE LA ÚLTIMA TRANSACCIÓN
campo de control 20251001153815.0
008 - DATOS DE LONGITUD FIJA--INFORMACIÓN GENERAL
campo de control de longitud fija 240711s2025 vp a b 001 0 eng
020 ## - NÚMERO INTERNACIONAL ESTÁNDAR DEL LIBRO
Número Internacional Estándar del Libro 9781032637761
040 ## - FUENTE DE LA CATALOGACIÓN
Centro catalogador/agencia de origen DLC
Lengua de catalogación eng
Normas de descripción rda
Centro/agencia transcriptor DLC
Centro/agencia modificador DLC
-- DLC-MRC
-- DLC
-- BIBLIOTECA UNIBE
041 ## - CÓDIGO DE LENGUA
Código de lengua del texto/banda sonora o título independiente eng
082 00 - NÚMERO DE LA CLASIFICACIÓN DECIMAL DEWEY
Número de clasificación 338.4791 C758b
245 00 - MENCIÓN DE TÍTULO
Título Consumer behaviour in hospitality and tourism :
Resto del título contemporary perspectives and challenges
260 ## - PUBLICACIÓN, DISTRIBUCIÓN, ETC.
Lugar de publicación, distribución, etc. London ;
-- New York, NY :
Nombre del editor, distribuidor, etc. Routledge,
Fecha de publicación, distribución, etc. 2025
300 ## - DESCRIPCIÓN FÍSICA
Extensión xix, 270 páginas :
Otras características físicas ilustraciones
504 ## - NOTA DE BIBLIOGRAFÍA, ETC.
Nota de bibliografía, etc. Incluye referencias bibliográficas e índice.
505 ## - NOTA DE CONTENIDO CON FORMATO
Nota de contenido con formato 1. Tourism consumption as a priority in the post-pandemic period: The case study of Barcelona| <br/> 2. Tourists' experiences in times of uncertainty: An analysis of eWOM before, during and after the COVID-19 pandemic| <br/> 3. The impact of overcrowding on tourist experience in diverse destination contexts: A comparative study of Las Vegas and the Great Smoky Mountains| <br/>4. From trust to trustworthiness: Formalising consumer behaviour with discourse on Airbnb platform| <br/>5. Examining the impact of trip experiences on overall satisfaction among Indian tourists in New Delhi’s heritage sites and hotels| <br/>6. Visitors’ consumption experience vis-à-vis visitors’ revisit to street food markets in a post-COVID era: A case study of Windhoek (Namibia)| <br/>7. Motivations of backpackers when choosing a tourist destination| <br/> 8. What is your travel mood? The effect of psychological flow on cultural vs. adventure travel experiences| <br/>9. Perceptions and reactions towards tipping from non-tipping cultures: Employees’ expectations| <br/>10. Luxury buying behaviour across different tourists’ generations| <br/>11. Impact of health crisis (pandemic) on consumer buying intention: A lesson for future small businesses| <br/>12. It’s all about experiences: The need for uniqueness in luxury consumption| <br/>13. The effect of social media influencers on consumer food and beverage consumption behaviour| <br/>14. Industry view – Reimagining customer experience in the hospitality and tourism industries: Navigating evolving values and expanding authenticity in the post-pandemic landscape| <br/>
520 ## - SUMARIO, ETC.
Sumario, etc. "This insightful and expert-led volume presents a holistic view of the latest, cutting-edge global research on trends and changes in consumer behaviour in hospitality and tourism, with focus on the effects of the COVID-19 pandemic and its impacts on purchase patterns within the industries. This book is of pivotal interest for students, scholars and researchers interested in consumer behaviour within the tourism and hospitality industries, as well as providing a useful tool for professionals to develop appropriate strategies that meet the evolving needs of consumers in the market"-- Provided by publisher.
650 #0 - PUNTO DE ACCESO ADICIONAL DE MATERIA--TÉRMINO DE MATERIA
Término de materia o nombre geográfico como elemento de entrada Turismo
9 (RLIN) 40180
Fuente del encabezamiento o término lemb
650 #0 - PUNTO DE ACCESO ADICIONAL DE MATERIA--TÉRMINO DE MATERIA
Término de materia o nombre geográfico como elemento de entrada Turismo
Subdivisión general Aspectos psicológico
Fuente del encabezamiento o término lemb
9 (RLIN) 199524
650 #0 - PUNTO DE ACCESO ADICIONAL DE MATERIA--TÉRMINO DE MATERIA
Término de materia o nombre geográfico como elemento de entrada Comportamiento del consumidor
9 (RLIN) 199508
Fuente del encabezamiento o término lemb
653 00 - TÉRMINO DE INDIZACIÓN--NO CONTROLADO
Término no controlado Industria hotelera
700 1# - PUNTO DE ACCESO ADICIONAL--NOMBRE DE PERSONA
Nombre de persona Tabari, Saloomeh
Término indicativo de función/relación editor
Código de función/relación http://id.loc.gov/vocabulary/relators/edt
9 (RLIN) 199498
700 1# - PUNTO DE ACCESO ADICIONAL--NOMBRE DE PERSONA
Nombre de persona Chen, Wei,
Fechas asociadas al nombre 1971-
Término indicativo de función/relación editor
Código de función/relación http://id.loc.gov/vocabulary/relators/edt
9 (RLIN) 199499
700 1# - PUNTO DE ACCESO ADICIONAL--NOMBRE DE PERSONA
Nombre de persona Colmekcioglu, Nazan
Término indicativo de función/relación editor
Código de función/relación http://id.loc.gov/vocabulary/relators/edt
9 (RLIN) 199500
776 1# - ENTRADA/ENLACE A UN FORMATO FÍSICO ADICIONAL
Información de relación/Frase instructiva de referencia Online version
Código de relación http://id.loc.gov/entities/relationships/onlineversion
Título Consumer behaviour in hospitality and tourism
Lugar, editor y fecha de publicación Abingdon, Oxon; New York, NY: Routledge, 2025
Número de control del registro (DLC) 2024027284
Número Internacional Estándar del Libro 9781032637778
884 ## - Información sobre la conversión de la descripción
Proceso de conversión DLC bibframe2marc v2.10-dev
Fecha de conversión 20250418
Agencia que convierte los datos DLC
Identificador Uniforme del Recurso https://github.com/lcnetdev/bibframe2marc/releases/tag/v2.10-dev
942 ## - ELEMENTOS DE PUNTO DE ACCESO ADICIONAL (KOHA)
Fuente del sistema de clasificación o colocación Sistema de Clasificación Decimal Dewey
Tipo de ítem Koha Libro (general)
Existencias
Estado de retiro Estado de pérdida Fuente del sistema de clasificación o colocación No para préstamo Código de colección Localización permanente Ubicación/localización actual Ubicación en estantería Fecha de adquisición Total de préstamos Signatura topográfica completa Código de barras Fecha visto por última vez Número de copia Precio válido a partir de Tipo de ítem Koha
  Disponible Sistema de Clasificación Decimal Dewey   General Biblioteca Central UNIBE Biblioteca Central UNIBE Área de exhibición 01/10/2025   338.4791 C758b 251038 01/10/2025 Ej. 1 01/10/2025 Libro (general)